Online
Catalog

Arte y anarquía / (Record no. 39741)

MARC details
000 -CABECERA
campo de control de longitud fija 00515nam a2200169 a 4500
001 - NÚMERO DE CONTROL
campo de control 000040251
005 - FECHA Y HORA DE LA ÚLTIMA TRANSACCIÓN
campo de control 20201002034018.0
008 - DATOS DE LONGITUD FIJA--INFORMACIÓN GENERAL
campo de control de longitud fija 130820s1987 sp a 000 0 spa d
040 ## - FUENTE DE LA CATALOGACIÓN
Centro catalogador/agencia de origen DO-SdBNP
Lengua de catalogación spa
Centro/agencia transcriptor BNPHU
082 ## - NÚMERO DE LA CLASIFICACIÓN DECIMAL DEWEY
Número de clasificación xxx
100 1# - ENTRADA PRINCIPAL--NOMBRE DE PERSONA
Nombre de persona Wind, Edgar
9 (RLIN) 66522
240 10 - TÍTULO UNIFORME
Título uniforme Art and anarchy
Lenguaje de la obra español
245 10 - MENCIÓN DE TÍTULO
Título Arte y anarquía /
Mención de responsabilidad, etc. Edgar Wind ; versión española Salustiano Masó.
260 ## - PUBLICACIÓN, DISTRIBUCIÓN, ETC.
Lugar de publicación, distribución, etc. Madrid, España :
Nombre del editor, distribuidor, etc. Taurus,
Fecha de publicación, distribución, etc. 1987.
300 ## - DESCRIPCIÓN FÍSICA
Extensión 173 p. :
Otras características físicas il. ;
Dimensiones 21 cm.
700 1# - PUNTO DE ACCESO ADICIONAL--NOMBRE DE PERSONA
Nombre de persona Masó, Salustiano
Término indicativo de función/relación tr.
9 (RLIN) 29539
Holdings
Estado de retiro Estado de pérdida Restricciones de uso No para préstamo Código de colección Localización permanente Ubicación/localización actual Ubicación en estantería Fecha de adquisición Número de inventario Total de préstamos Signatura topográfica completa Código de barras Fecha visto por última vez Precio válido a partir de Tipo de ítem Koha
      Excluido de préstamo Monografías: Libros y Folletos General General En catalogación 20.08.2013 LF1   xxx 40251-10 25.06.2020 25.06.2020 No se presta

Powered by Koha